000 00664nam a2200205 i 4500
001 138991
003 ES-MaACL
005 20230906195700.0
007 t|
008 070214s1979 sp r ||||1| spa d
020 _a84-317-0489-6
100 1 _aSaraceno, Chiara.
_9103741
245 1 0 _aA favor de la mujer :
_bla cuestión femenina en la sociedad industrial /
_cChiara Saraceno ; traducción de René Palacios y Aga Colomo.
260 _aBilbao :
_bZero,
_c1979.
300 _a142 p. ;
_c17 cm.
650 4 _aMujeres-
_xSituación social-
_yS.XX.
_9167814
700 1 _aPalacios, René.
_988417
700 1 _aColomo, Aga.
_939865
852 4 _aES-MaACL
_jA-9377
999 _c138991
_d138991